| 000 | 00502nam a2200181 a 4500 | ||
|---|---|---|---|
| 020 | _a0078817749 : | ||
| 040 | _cDLC | ||
| 082 | 0 | 0 | _a650 OSB 1992 A041 Or. |
| 100 | 1 | _aCampbell, Mary V. | |
| 245 | 1 | 0 |
_a1-2-3 for the Macintosh made easy / _bMary Campbell. |
| 260 |
_aBerkeley : _bOsborne McGraw-Hill, _cc1992. |
||
| 300 |
_axxiv, 408 p. : _bill. ; _c24 cm. |
||
| 500 | _aIncludes index. | ||
| 650 | 0 | _aBusiness | |
| 650 | 0 | _aMacintosh (Computer) | |
| 650 | 0 | _aElectronic spreadsheets. | |
| 942 | _cEK | ||
| 999 |
_c12386 _d12386 |
||